书目信息 |
| 题名: |
零起点学单片机与CPLD/FPGA
|
|
| 作者: | 杨恒 编著 | |
| 分册: | ||
| 出版信息: | 北京 北京航空航天大学出版社 2007.04 |
|
| 页数: | 336页, [1] 叶折图 | |
| 开本: | 26cm | |
| 丛书名: | 精通数码与嵌入式产品技术丛书 | |
| 单 册: | ||
| 中图分类: | TP368.1 | |
| 科图分类: | ||
| 主题词: | 单片微型计算机--dan pian wei xing ji suan ji--资格认证--教材 | |
| 电子资源: | ||
| ISBN: | 978-7-81124-006-1 | |
| 000 | 01193nam 2200289 450 | |
| 001 | 012008375218 | |
| 005 | 20080602165457.13 | |
| 010 | @a978-7-81124-006-1@dCNY32.00 (含光盘) | |
| 010 | @a978-7-900719-18-8@b光盘 | |
| 100 | @a20080602d2007 em y0chiy0120 ea | |
| 101 | 0 | @achi |
| 102 | @aCN@b110000 | |
| 105 | @aaf a 000yy | |
| 106 | @ar | |
| 200 | 1 | @a零起点学单片机与CPLD/FPGA@Aling qi dian xue dan pian ji yu CPLD/FPGA@f杨恒等编著@Fyang heng deng bian zhu |
| 210 | @a北京@c北京航空航天大学出版社@d2007.04 | |
| 215 | @a336页, [1] 叶折图@c图@d26cm@e光盘1片 | |
| 225 | 2 | @a精通数码与嵌入式产品技术丛书@Ajing tong shu ma yu qian ru shi chan pin ji shu cong shu |
| 300 | @a国际数码及嵌入式机构指定认证教材 | |
| 320 | @a有书目 | |
| 330 | @a本书系统地介绍了51系列单片机与CPLD/FPGA等嵌入式技术的发展历程、指令集及其软件系统,以51系列单片机以及Altera公开发中心的CPLD/FPGA芯片为例,结合延时控制蜂鸣器、LED显示等设计实例。 | |
| 410 | 0 | @12001 @a精通数码与嵌入式产品技术丛书 |
| 606 | 0 | @a单片微型计算机@Adan pian wei xing ji suan ji@x资格认证@j教材 |
| 690 | @aTP368.1@v4 | |
| 701 | 0 | @a杨恒@Ayang heng@4编著 |
| 801 | 0 | @aCN@bQSSK@c20080602 |
| 905 | @b722776-78@dTP368.1@eY192@f3 | |
| 零起点学单片机与CPLD/FPGA/杨恒等编著.-北京:北京航空航天大学出版社,2007.04 |
| 336页, [1] 叶折图:图;26cm+光盘1片.-(精通数码与嵌入式产品技术丛书) |
| 国际数码及嵌入式机构指定认证教材 |
| ISBN 978-7-81124-006-1:CNY32.00 (含光盘) |
| 本书系统地介绍了51系列单片机与CPLD/FPGA等嵌入式技术的发展历程、指令集及其软件系统,以51系列单片机以及Altera公开发中心的CPLD/FPGA芯片为例,结合延时控制蜂鸣器、LED显示等设计实例。 |
| ● |
| 相关链接 |
|
|
|
正题名:零起点学单片机与CPLD/FPGA
索取号:TP368.1/Y192
 
预约/预借
| 序号 | 登录号 | 条形码 | 馆藏地/架位号 | 状态 | 备注 |
| 1 | 722776 | 207227767 | 自科二线404/404自科库 17排4列3层/ [索取号:TP368.1/Y192] | 在馆 | |
| 2 | 722777 | 207227776 | 自科库301/301自科库 63排4列1层/ [索取号:TP368.1/Y192] | 在馆 | |
| 3 | 722778 | 207227785 | 自科库301/301自科库 63排4列1层/ [索取号:TP368.1/Y192] | 在馆 |